L'esprit de l'histoire ou lettres politiques et morales
Tallennettuna:
| Päätekijä: | |
|---|---|
| Aineistotyyppi: | Kirja |
| Kieli: | ranska |
| Julkaistu: |
París
Vernarel et Tenon
1826
|
| Painos: | 6a. ed |
| Aiheet: | |
| Tagit: |
Lisää tagi
Ei tageja, Lisää ensimmäinen tagi!
|
MARC
| LEADER | 00000nam a2200000 a 4500 | ||
|---|---|---|---|
| 001 | UCR4204 | ||
| 003 | CL-VaPUC | ||
| 008 | 980307e18260000FR |||||||||||||||||fre|d | ||
| 082 | 0 | 4 | |a 901 |b FER |2 21 |
| 100 | 0 | |a Ferrand, Antoine |e author |9 403939 | |
| 245 | 1 | 2 | |a L'esprit de l'histoire ou lettres politiques et morales |
| 250 | |a 6a. ed | ||
| 300 | |a t | ||
| 942 | |c BK | ||
| 945 | |d 19980307 00:00:00 |a cmena | ||
| 260 | |a París |b Vernarel et Tenon |c 1826 | ||
| 500 | |a Donación del padre Enrique Pascal García Huidobro | ||
| 650 | 0 | |a Filosofía de la historia |9 265651 | |
| 650 | 7 | |a HISTORIA EUROPEA |2 CL-VaPUC |9 317298 | |
| 650 | 7 | |a FILOSOFIA POLITICA |2 CL-VaPUC |9 403940 | |
| 650 | 0 | |a Ética |9 255099 | |
| 650 | 0 | |a Aspectos morales |9 256217 | |
| 583 | |a last modification |c 19980307 00:00:00 |k Rodrigo Vera | ||
| 999 | |c 267155 |d 267153 | ||
| 952 | |0 0 |1 0 |4 0 |6 901_000000000000000_FER_1826 |7 0 |8 P |9 299353 |a BIBDER |b BIBDER |d 2019-11-20 |h t.5 |i 1958666 |o 901 FER 1826 |p 1958666 |r 2023-01-25 |w 2019-11-20 |y BK |k DER | ||